000 00430nam a2200169Ia 4500
008 230711s9999||||xx |||||||||||||| ||und||
020 _a978-1-78242-214-3
041 _aENG
082 _a677
_bCH-T
100 _aChen,Xiaogang
245 0 _aAdvances in 3D Textile Engineering
250 _a1st Ed.
260 _c2015
_aCamberidge
_bWoodhead Publishing Pvt Ltd
300 _a386p.
650 _aTextile Engineering
942 _cBK
999 _c5821
_d5821